Taiwan Jidu jiao shi / (Record no. 53657)
[ view plain ]
| 000 -LEADER | |
|---|---|
| fixed length control field | 01883nam a2200409 i 4500 |
| 001 - CONTROL NUMBER | |
| control field | P202502272242 |
| 008 - FIXED-LENGTH DATA ELEMENTS--GENERAL INFORMATION | |
| fixed length control field | 250507s2023 ch a s 000 0 chi d |
| 020 ## - INTERNATIONAL STANDARD BOOK NUMBER | |
| International Standard Book Number | 9789864788071 |
| 020 ## - INTERNATIONAL STANDARD BOOK NUMBER | |
| International Standard Book Number | 9789864789566 |
| Qualifying information | (PDF) |
| 040 ## - CATALOGING SOURCE | |
| Original cataloging agency | Airiti |
| Language of cataloging | eng |
| Description conventions | rda |
| Transcribing agency | Airiti |
| 050 #4 - LIBRARY OF CONGRESS CALL NUMBER | |
| Classification number | BR1298 |
| Item number | T35 2023 |
| 245 00 - TITLE STATEMENT | |
| Linkage | 880-01 |
| Title | Taiwan Jidu jiao shi / |
| Statement of responsibility, etc. | Lin Jinshui zhu bian. |
| 250 ## - EDITION STATEMENT | |
| Linkage | 880-02 |
| Edition statement | Chu ban. |
| 264 #1 - PRODUCTION, PUBLICATION, DISTRIBUTION, MANUFACTURE, AND COPYRIGHT NOTICE | |
| Linkage | 880-03 |
| Place of production, publication, distribution, manufacture | Taibei Shi : |
| Name of producer, publisher, distributor, manufacturer | Wan juan lou tu shu gu fen you xian gong si, |
| Date of production, publication, distribution, manufacture, or copyright notice | 2023. |
| 300 ## - PHYSICAL DESCRIPTION | |
| Extent | 446 pages : |
| Other physical details | illustrations |
| 336 ## - CONTENT TYPE | |
| Content type term | text |
| Content type code | txt |
| Source | rdacontent |
| 337 ## - MEDIA TYPE | |
| Media type term | computer |
| Media type code | c |
| Source | rdamedia |
| 338 ## - CARRIER TYPE | |
| Carrier type term | online resource |
| Carrier type code | cr |
| Source | rdacarrier |
| 347 ## - DIGITAL FILE CHARACTERISTICS | |
| File type | text file |
| Encoding format | |
| Source | rda |
| 490 1# - SERIES STATEMENT | |
| Linkage | 880-04 |
| Series statement | Fujian shi fan da xue wen xue yuan bai nian xue shu lun cong. di qi ji ; |
| Volume/sequential designation | 4 |
| 504 ## - BIBLIOGRAPHY, ETC. NOTE | |
| Bibliography, etc. note | Includes bibliographical references. |
| 533 ## - REPRODUCTION NOTE | |
| Type of reproduction | Electronic reproduction. |
| Place of reproduction | New Taipei : |
| Agency responsible for reproduction | Airiti, |
| Date of reproduction | 2025. |
| Note about reproduction | System requirements: iRead eBook. |
| -- | Available via World Wide Web. |
| 650 #0 - SUBJECT ADDED ENTRY--TOPICAL TERM | |
| Topical term or geographic name entry element | Christianity |
| Geographic subdivision | Taiwan |
| General subdivision | Influence |
| -- | History |
| Chronological subdivision | 20th century. |
| 650 #0 - SUBJECT ADDED ENTRY--TOPICAL TERM | |
| Topical term or geographic name entry element | Christianity |
| Geographic subdivision | Taiwan |
| General subdivision | Influence |
| -- | History |
| Form subdivision | Early works to 1800. |
| 650 #0 - SUBJECT ADDED ENTRY--TOPICAL TERM | |
| Topical term or geographic name entry element | Missions |
| Geographic subdivision | Taiwan |
| General subdivision | History. |
| 651 #0 - SUBJECT ADDED ENTRY--GEOGRAPHIC NAME | |
| Geographic name | Taiwan |
| General subdivision | Church history |
| -- | Influence |
| Chronological subdivision | 20th century. |
| 700 1# - ADDED ENTRY--PERSONAL NAME | |
| Linkage | 880-05 |
| Personal name | Lin, Jinshui, |
| Relator term | editor. |
| 830 #0 - SERIES ADDED ENTRY--UNIFORM TITLE | |
| Linkage | 880-06 |
| Uniform title | Fujian shi fan da xue wen xue yuan bai nian xue shu lun cong. |
| Name of part/section of a work | di qi ji ; |
| Volume/sequential designation | 4. |
| 856 40 - ELECTRONIC LOCATION AND ACCESS | |
| Uniform Resource Identifier | <a href="https://www.airitibooks.com/Detail/Detail?PublicationID=P202502272242">https://www.airitibooks.com/Detail/Detail?PublicationID=P202502272242</a> |
| 880 00 - ALTERNATE GRAPHIC REPRESENTATION | |
| Linkage | 245-01/ |
| -- | |
| a | 臺灣基督教史 / |
| c | 林金水主編. |
| 880 ## - ALTERNATE GRAPHIC REPRESENTATION | |
| Linkage | 250-02/ |
| -- | |
| a | 初版. |
| 880 #1 - ALTERNATE GRAPHIC REPRESENTATION | |
| Linkage | 264-03/ |
| -- | |
| a | 臺北市 : |
| b | 萬卷樓圖書股份有限公司, |
| c | 2023. |
| 880 1# - ALTERNATE GRAPHIC REPRESENTATION | |
| Linkage | 490-04/ |
| -- | |
| a | 福建師範大學文學院百年學術論叢. 第七輯 ; |
| v | 4 |
| 880 1# - ALTERNATE GRAPHIC REPRESENTATION | |
| Linkage | 700-05/ |
| -- | |
| a | 林金水, |
| e | editor. |
| 880 #0 - ALTERNATE GRAPHIC REPRESENTATION | |
| Linkage | 830-06/ |
| -- | |
| a | 福建師範大學文學院百年學術論叢. |
| p | 第七輯 ; |
| v | 4. |
No items available.